[Event "BL Meisterschaftsturnier 2020"]
[Site "Karlsruhe"]
[Date "2020.09.18"]
[Round "4.10"]
[White "Bogner, Sebastian"]
[Black "Baldauf, Marco"]
[Result "1/2-1/2"]
[WhiteElo "2571"]
[BlackElo "2503"]
[Annotator "TA"]
[PlyCount "70"]
[EventDate "2020.09.16"]
[EventType "team-tourn"]
[EventCountry "GER"]
[SourceTitle "playchess.com"]
[Source "ChessBase"]
[SourceQuality "1"]
[WhiteTeam "Bayern Muenchen"]
[BlackTeam "SF Berlin"]

{[%evp 23,70,43,37,33,33,35,47,45,59,24,45,48,54,0,0,0,0,0,0,0,0,0,0,0,4,-23,-24,-18,-18,-59,-16,-17,-17,-19,-18,-19,-19,-20,0,0,-3,-16,0,-44,0,0,0,-39,0]} 1. e4 c5 2. Nf3 e6 3. d4 cxd4 4. Nxd4 a6 5. Bd3 Nf6 6. O-O Qc7 7. Qe2 d6 8. c4 g6 9. Nc3 Bg7 10. Nf3 O-O 11. h3 Nc6 12. Rd1 Nd7 13. Be3 {B42: Sicilian: Kan Variation: 5 Bd3.} Bxc3 14. bxc3 f6 15. Bc2 {White is slightly better.} Nd8 {[#]} 16. Nd2 $146 ({Predecessor:} 16. Rd2 Nf7 17. Rad1 Nc5 18. Nh2 e5 19. f4 exf4 20. Bxf4 Be6 21. Bxd6 Nxd6 22. Rxd6 {½-½ (62) Shabalov,A (2587)-Stripunsky,A (2559) Philadelphia 2010}) 16... e5 17. Nf1 Nf7 18. f4 (18. Bd2 $14) 18... exf4 $11 19. Bxf4 Nde5 20. Ne3 Be6 {[%cal Re5c4]} 21. Bb3 Rac8 {[%cal Re5c4]} 22. Rd4 Qe7 23. Rad1 Rc5 24. Nd5 Bxd5 25. Rxd5 Rfc8 26. Rxc5 Rxc5 27. Be3 Rc8 28. c5 dxc5 {And now ...c4 would win.} 29. Bd5 Kg7 30. Rb1 b5 31. a4 Nd6 32. axb5 axb5 33. Qf2 Nd3 34. Qd2 ({Don't play} 34. Qh4 Nf5 $17) 34... Ne5 35. Qf2 Nd3 {Accuracy: White = 74%, Black = 89%.} 1/2-1/2

[Event "BL Meisterschaftsturnier 2020"]
[Site "Karlsruhe"]
[Date "2020.09.18"]
[Round "4.11"]
[White "Areshchenko, Alexander"]
[Black "Kryvoruchko, Yuriy"]
[Result "*"]
[WhiteElo "2678"]
[BlackElo "2682"]
[Annotator "TA"]
[PlyCount "28"]
[EventDate "2020.09.16"]
[EventType "team-tourn"]
[EventCountry "GER"]
[SourceTitle "playchess.com"]
[Source "ChessBase"]
[SourceQuality "1"]
[WhiteTeam "Werder Bremen"]
[BlackTeam "Viernheim"]

{[%evp 11,14,7,24,30,22]} 1. e4 e5 2. Nf3 Nc6 3. Bc4 Bc5 4. O-O Nf6 5. d3 d6 6. c3 a6 7. a4 {now scores much better than the old 7.Bb3. Played by Ian Nepomniachtchi in August 2020. C54: Giuoco Piano: 4 c3 Nf6, main lines with 5 d4 and 5 d3.} Ba7 {[#] Not much happened in this game.} {Predecessor:} 8. Re1 $146 O-O 9. h3 h6 10. Nbd2 Re8 11. b4 Be6 12. Bxe6 Rxe6 13. Bb2 Ne7 14. d4 Ng6 {0-1 (45) Anand,V (2753)-Giri,A (2764) chess24.com INT 2020} *

[Event "BL Meisterschaftsturnier 2020"]
[Site "Karlsruhe"]
[Date "2020.09.18"]
[Round "4.11"]
[White "Sprenger, Jan Michael"]
[Black "Dragnev, Valentin"]
[Result "1/2-1/2"]
[WhiteElo "2482"]
[BlackElo "2553"]
[Annotator "TA"]
[PlyCount "44"]
[EventDate "2020.09.16"]
[EventType "team-tourn"]
[EventCountry "GER"]
[SourceTitle "playchess.com"]
[Source "ChessBase"]
[SourceQuality "1"]
[WhiteTeam "SF Berlin"]
[BlackTeam "Bayern Muenchen"]

{[%evp 19,44,21,28,0,0,0,0,-7,0,0,0,-18,-15,-15,0,7,7,5,10,18,18,0,0,0,23,16,19]} 1. e4 e6 2. d4 d5 3. Nd2 c5 4. Ngf3 cxd4 5. exd5 Qxd5 6. Bc4 Qd6 7. O-O Nf6 8. Nb3 Nc6 9. Nbxd4 Nxd4 10. Nxd4 Be7 11. Nb5 {C07: French Tarrasch: 3...c5, 4 Ngf3 and 4 exd5 Qxd5.} Qc6 12. Qe2 O-O 13. Bf4 a6 14. Nd4 Qc5 {[#]} 15. Be3 $146 {[#] Strongly threatening Nxe6.} ({Predecessor:} 15. Nb3 Qc6 16. a4 Bd6 17. Bg5 b6 18. Bxf6 gxf6 19. Qg4+ Kh8 20. Be2 Bb7 21. Nd4 {½-½ (55) Karthikeyan,M (2517)-Yashas,D (2201) Montcada 2016}) 15... Qc7 16. Bb3 e5 17. Nf3 e4 {aiming for ...Bg4.} 18. Nd2 Ng4 {[%csl Gg4][%cal Rc7h2] [#]} 19. g3 Qe5 20. Bf4 Qh5 $1 {[%csl Gg4][%cal Rh5h2]} 21. h4 Bf5 {Threatens to win with ...g5.} 22. Nxe4 {Hoping for Bd6.} Rae8 $1 {Not much happened in this game. Accuracy: White = 89%, Black = 100%.} 1/2-1/2

[Event "BL Meisterschaftsturnier 2020"]
[Site "Karlsruhe"]
[Date "2020.09.18"]
[Round "4.12"]
[White "Korobov, Anton"]
[Black "Efimenko, Zahar"]
[Result "1/2-1/2"]
[WhiteElo "2688"]
[BlackElo "2602"]
[Annotator "TA"]
[PlyCount "240"]
[EventDate "2020.09.16"]
[EventType "team-tourn"]
[EventCountry "GER"]
[SourceTitle "playchess.com"]
[Source "ChessBase"]
[SourceQuality "1"]
[WhiteTeam "Viernheim"]
[BlackTeam "Werder Bremen"]

{[%evp 17,240,10,16,12,14,22,11,14,27,16,37,32,21,-30,35,23,115,118,116,122,124,110,149,156,155,157,152,152,152,157,154,156,191,190,203,153,219,223,224,222,227,173,208,112,115,108,112,108,110,116,116,109,104,110,110,65,65,57,51,59,59,52,52,54,54,54,57,43,50,50,48,49,46,48,54,54,51,46,39,39,137,136,138,131,137,126,126,129,183,93,151,149,166,136,164,167,189,121,147,147,150,84,84,68,68,37,35,39,52,8,8,8,8,8,8,8,8,8,8,8,8,8,8,8,8,8,8,8,8,8,8,8,8,8,8,8,8,8,8,8,8,8,8,0,8,8,8,8,8,8,8,8,8,8,8,8,8,8,8,8,8,8,8,8,8,8,8,8,8,8,8,8,8,8,8,8,8,8,8,8,8,8,8,8,8,8,8,0,0,0,0,0,0,0,8,8,8,8,8,8,8,8,8,0,8,0,0,0,8,0,0,0,0,0,0,0,0,0,0,0,0,0,8,8,8]} 1. d4 Nf6 2. c4 e6 3. Nf3 b6 4. g3 Bb4+ 5. Bd2 c5 6. Bg2 Bb7 7. O-O O-O 8. Bxb4 cxb4 9. Nbd2 d6 {9...a5 is more advanced technology.} 10. Rc1 {[#] E16: Queen's Indian: 4 g3 Bb7 5 Bg2 Bb4+.} Re8 $146 ({Predecessor:} 10... Nbd7 11. Re1 Re8 12. e4 e5 13. d5 a5 14. b3 Nc5 15. Qe2 Bc8 16. h3 Bd7 17. Ra1 g6 {0-1 (46) Schaefer,H (1893)-Sailer,H (1933) Bad Neuenahr 2014}) 11. Qa4 a5 12. Rfd1 Qe7 13. Ne1 e5 14. dxe5 dxe5 15. c5 (15. Qb5 $142) 15... bxc5 (15... e4 $1 $11) 16. Nc4 e4 (16... Bxg2 $11 {remains equal.} 17. Nxg2 Nbd7) 17. Nd6 $16 Bc6 18. Qc2 Rf8 19. Qxc5 Qa7 20. Qg5 e3 21. f3 $40 {[%mdl 128] White attacks with force.} (21. Bxc6 exf2+ 22. Kg2 h6 $11) 21... h6 22. Qf4 $1 Bd7 23. Nc2 Nc6 24. Qxe3 Qa6 25. f4 Rad8 26. h3 a4 (26... Be6 $16 27. Bxc6 Qxc6 28. Nxb4 Qa8) 27. g4 $18 b3 28. axb3 axb3 29. Ne1 {aiming for Ra1.} Nb4 30. Ra1 ({Not} 30. Qxb3 Ba4 $14) (30. Bb7 $18 Qa5 31. Qe5 (31. Qxb3 $2 Ba4 $19) 31... Qb6+ 32. Qd4) 30... Nc2 31. Rxa6 Nxe3 32. Rd3 Nc2 33. Nxc2 $1 bxc2 34. Rc3 Bb5 {[%mdl 64] Double Attack} 35. Rb6 $1 ({Don't play} 35. Nxb5 $6 Rd1+ 36. Kf2 c1=Q $11) 35... Ba4 36. Kf2 Ne8 $1 {[%cal Re8d6]} 37. Rb4 Nxd6 38. Rxa4 Rc8 39. Bc6 Rc7 $1 {White should prevent ...Rfc8.} 40. Rxc2 Rfc8 41. Ra6 Nb5 $1 {[%cal Rb5d4] next ...Nd4 is good for Black.} 42. Ke3 Re7+ 43. Kd3 Rd8+ 44. Kc4 Nd4 {[%mdl 64] Double Attack} 45. Rc3 $1 Rc7 46. Kc5 Ne6+ $1 47. Kb4 {Threatens to win with e3.} Rb8+ 48. Ka3 {And now e3 would win.} Nxf4 (48... Nd4 $1 $14) 49. b4 Nxe2 {[#]} 50. Rc4 $1 Rd8 51. b5 Nd4 52. Kb4 g6 (52... Re7 $16) 53. Kc5 ({White should play} 53. Ra8 $18 Rxa8 54. Bxa8 Rxc4+ 55. Kxc4 Nxb5 56. Kxb5) 53... Nxb5 (53... Ne6+ $142 54. Kb4 Rd6) 54. Kxb5 $16 Re7 55. Ra3 Kg7 56. Rf3 Re5+ {[#]} 57. Kb6 (57. Rc5 $1 $18 {[%cal Rc5e5]} Rb8+ 58. Kc4) 57... h5 58. Rcf4 Rf8 59. Kc7 ({Better is} 59. Rf6) 59... hxg4 60. hxg4 Rg5 61. Bd7 {Rf6 is the strong threat.} f5 $1 62. gxf5 gxf5 63. Bxf5 {Strongly threatening Kd6.} Rf6 {The position is equal.} 64. Kd7 Kf8 65. Kd8 Rf7 66. Rf1 Rf6 67. R4f3 Rf7 68. Be6 (68. R3f2 {looks sharper.} Rg8 69. Bd7 Kg7+ 70. Kc7 Rxf2 71. Rxf2 Rf8 72. Rxf8 Kxf8 73. Kd6) 68... Rxf3 69. Rxf3+ $11 {[%mdl 4096] Endgame KRB-KR} Kg7 70. Ke7 Kg6 71. Rf8 Kg7 72. Bf5 Rg3 73. Rf7+ Kh6 74. Kf6 {[%csl Gf5][%cal Rf7h7]} Rg6+ $1 75. Ke5 Rg7 76. Rf8 Kg5 77. Be6 Kg6 78. Rf1 Kg5 79. Bf7 Kh6 80. Be6 (80. Rf6+ {with more complications.} Kg5 81. Rf5+ Kh4 82. Rf3 Rg1 83. Kf6) 80... Kg5 81. Rh1 Kg6 82. Rh4 Kg5 $1 83. Ra4 Kg6 84. Bf5+ Kg5 85. Ke6 Kh6 86. Kf6 {[%cal Ra4h4]} Rg6+ 87. Ke5 Rg7 88. Kf4 Re7 89. Ra6+ Kg7 90. Kg5 Rf7 91. Be6 Rc7 92. Bd5 Kf8 93. Kf6 Rf7+ 94. Ke5 Re7+ 95. Be6 Rg7 96. Kd6 {[%cal Ra6a8]} Rh7 (96... Rb7 {keeps more tension.} 97. Bd5 Rb2 98. Ra7 Rb6+ 99. Kc5 Rh6) 97. Ra1 (97. Ra3 {is more complex.} Rb7 98. Bd5 Rb6+ 99. Ke5 Rb2 100. Ra2) 97... Kg7 98. Ke5 {Threatening mate with Rg1+.} Rh5+ 99. Bf5 {White threatens Ra7+ and mate.} Rh6 100. Ra7+ Kf8 101. Be6 Rh2 102. Kd6 Rb2 103. Ke5 {White wants to mate with Kf6.} Rf2 104. Bf5 {Intending Kf6 and mate.} Ke8 105. Kf6 {[%cal Ra7a8]} Rd2 106. Rc7 Rd1 107. Rc2 Rd4 108. Rc1 Rd2 109. Rc3 Rd1 110. Rc2 Rd4 111. Bh3 Rf4+ 112. Bf5 {[%cal Rc2c8]} Rd4 113. Rh2 {[%cal Rh2h8]} Kd8 114. Rh7 (114. Ke6 {feels hotter.} Rb4 115. Rh8+ Kc7 116. Rh7+ Kb8 117. Kd6) 114... Rd2 115. Be6 Rf2+ 116. Ke5 Rd2 117. Bd5 Ke8 118. Kd6 {[%cal Rh7h8]} Rf2 119. Rh8+ Rf8 120. Rxf8+ Kxf8 {Black defended with fortune. Accuracy: White = 87%, Black = 88%.} 1/2-1/2

[Event "BL Meisterschaftsturnier 2020"]
[Site "Karlsruhe"]
[Date "2020.09.18"]
[Round "4.12"]
[White "Studer, Noel"]
[Black "Blohberger, Felix"]
[Result "*"]
[WhiteElo "2573"]
[BlackElo "2467"]
[Annotator "TA"]
[PlyCount "34"]
[EventDate "2020.09.16"]
[EventType "team-tourn"]
[EventCountry "GER"]
[SourceTitle "playchess.com"]
[Source "ChessBase"]
[SourceQuality "1"]
[WhiteTeam "Bayern Muenchen"]
[BlackTeam "SF Berlin"]

{[%evp 7,7,64]} 1. d4 Nf6 2. c4 c5 3. d5 g6 4. Nc3 {[#] Not much happened in this game.} {Predecessor:} Bg7 $146 5. e4 d6 6. Nf3 {E90: King's Indian: Classical: Early deviations and 6 h3.} O-O 7. h3 e6 8. Bd3 Nbd7 9. O-O e5 10. a3 h6 11. b4 Nh7 12. Qc2 b6 13. Rb1 Ndf6 14. bxc5 bxc5 15. Re1 Nh5 16. Bf1 Ng5 17. Nxg5 hxg5 {½-½ (30) So,W (2760)-Carlsen,M (2870) Kolkata 2019} *

[Event "BL Meisterschaftsturnier 2020"]
[Site "Karlsruhe"]
[Date "2020.09.18"]
[Round "4.12"]
[White "Studer, Noel"]
[Black "Blohberger, Felix"]
[Result "1-0"]
[WhiteElo "2573"]
[BlackElo "2467"]
[Annotator "TA"]
[PlyCount "61"]
[EventDate "2020.09.16"]
[EventType "team-tourn"]
[EventCountry "GER"]
[SourceTitle "playchess.com"]
[Source "ChessBase"]
[SourceQuality "1"]
[WhiteTeam "Bayern Muenchen"]
[BlackTeam "SF Berlin"]

{[%evp 18,61,93,83,93,84,89,93,108,97,90,88,86,100,110,86,88,84,111,91,156,164,171,119,133,126,425,122,129,130,155,93,202,204,212,203,541,527,602,581,570,514,514,514,507,497]} 1. d4 Nf6 2. c4 c5 3. d5 g6 4. Nc3 Bg7 5. e4 O-O 6. Nf3 e6 7. h3 d6 8. Bd3 Na6 9. O-O e5 10. Bg5 h6 {E90: King's Indian: Classical: Early deviations and 6 h3.} 11. Be3 Nh7 12. Qd2 f5 {White is better.} 13. exf5 $5 {[%mdl 4] Leaves trodden paths.} gxf5 14. Bxh6 {[#]} Qf6 $146 ({Predecessor:} 14... e4 15. Bxg7 Kxg7 16. Nxe4 fxe4 17. Bxe4 Bf5 18. Rae1 Rc8 19. Bxf5 Rxf5 20. Re4 Nc7 {1-0 (40) Indjic,A (2481)-Ivekovic,Z (2320) Athens 2012}) 15. Bxg7 $1 Qxg7 16. Nh4 f4 17. Kh2 Qh6 18. Nf3 Kh8 (18... Rf7 $142) 19. Rh1 $1 $16 Rg8 20. Ne4 (20. Kg1 $1 $18) 20... Nb4 {[#]} 21. Bb1 $1 $36 {[%mdl 2048] Keeping Black busy.} Bg4 $2 {[%mdl 8192] [#]} (21... Rg7 $16) 22. Qc3 $2 (22. Nxd6 $1 $18 {[%mdl 512] and the rest is easy.} Bh5 (22... Qxd6 23. hxg4) 23. Bxh7 (23. Nxe5 $2 Rxg2+ {[%mdl 64] Remove Defender} 24. Kxg2 f3+ {[%mdl 64] Discovered Attack} 25. Kg1 Qxd2 $19) 23... Kxh7 24. Ne4 (24. Nxe5 $2 Rxg2+ {[%mdl 64] Remove Defender} 25. Kxg2 f3+ {[%mdl 64] Discovered Attack} 26. Kg1 Qxd2 $19)) 22... Rg7 23. Kg1 Bf5 24. h4 (24. a3 $142 Bxe4 25. Bxe4) 24... Qg6 (24... Nf6 $16 {is a better defense.} 25. Nxd6 Qg6) 25. Nfg5 $1 $18 Kg8 {[%cal Rh7g5]} 26. Qf3 Nxg5 $2 (26... Na6 27. a3 Qh6) 27. hxg5 {White is clearly winning.} Bxe4 28. Bxe4 Qxg5 29. Rh5 ({Less strong is} 29. Qh3 Re8 $16) 29... Qg4 30. Qxg4 Rxg4 31. Bf5 {Accuracy: White = 74%, Black = 55%.} 1-0

[Event "BL Meisterschaftsturnier 2020"]
[Site "Karlsruhe"]
[Date "2020.09.18"]
[Round "4.13"]
[White "Van Foreest, Lucas"]
[Black "Anton Guijarro, David"]
[Result "*"]
[WhiteElo "2531"]
[BlackElo "2688"]
[Annotator "TA"]
[PlyCount "29"]
[EventDate "2020.09.16"]
[EventType "team-tourn"]
[EventCountry "GER"]
[SourceTitle "playchess.com"]
[Source "ChessBase"]
[SourceQuality "1"]
[WhiteTeam "Werder Bremen"]
[BlackTeam "Viernheim"]

{[%evp 3,3,28]} 1. e4 e5 2. Nf3 {An uneventful encounter.} {Predecessor:} Nc6 3. Bc4 Bc5 4. O-O Nf6 5. d3 d6 6. c3 {C54: Giuoco Piano: 4 c3 Nf6, main lines with 5 d4 and 5 d3.} a6 7. Re1 h6 8. a4 O-O 9. Nbd2 Re8 10. h3 Be6 11. Bxe6 Rxe6 12. b4 Ba7 13. Bb2 Ne7 14. c4 a5 15. bxa5 {0-1 (36) Ding,L (2791)-Carlsen,M (2863) chess24.com INT 2020} *

[Event "BL Meisterschaftsturnier 2020"]
[Site "Karlsruhe"]
[Date "2020.09.18"]
[Round "4.13"]
[White "Van Foreest, Lucas"]
[Black "Anton Guijarro, David"]
[Result "0-1"]
[WhiteElo "2531"]
[BlackElo "2688"]
[Annotator "TA"]
[PlyCount "88"]
[EventDate "2020.09.16"]
[EventType "team-tourn"]
[EventCountry "GER"]
[SourceTitle "playchess.com"]
[Source "ChessBase"]
[SourceQuality "1"]
[WhiteTeam "Werder Bremen"]
[BlackTeam "Viernheim"]

{[%evp 9,88,-16,17,6,25,27,21,25,13,14,14,-7,-6,-20,-8,-19,-14,-46,-35,-29,-39,-30,-30,-63,-47,-56,-54,-84,-84,-94,-103,-122,-111,-111,-111,-111,-111,-112,-111,-111,-100,-111,-111,-133,-33,-54,0,-139,-145,-178,0,0,0,-168,-167,-183,-24,-44,0,-142,-173,-173,-167,-175,-172,-161,-170,-183,-189,-196,-189,-196,-177,-218,-185,-233,-207,-332,-272,-762,-755]} 1. e4 e5 2. Nf3 Nc6 3. Nc3 Nf6 4. a4 a6 {[#]} 5. d4 $146 ({Predecessor:} 5. Bc4 Bb4 6. O-O O-O 7. d3 h6 8. Ne2 d6 9. Ng3 Bg4 10. h3 Bxf3 11. Qxf3 {½-½ (25) Peters,T (1571)-Lachmuth,M (1680) Germany 2019}) 5... Bb4 {Strongly threatening ...Nxe4.} 6. Nxe5 {C47: Scotch Four Knights and Four Knights with 4 g3.} (6. dxe5 Nxe4 7. Bd2 Bxc3 $15) 6... Nxe4 7. Qf3 {[%csl Ge5][%cal Rf3f7][%mdl 64] Double Attack} Nf6 8. Be3 $1 {The position is equal.} O-O 9. Bd3 Re8 10. Nxc6 dxc6 11. O-O Bg4 12. Qg3 Bh5 13. Qh4 Bg6 14. Bxg6 hxg6 15. Na2 Bd6 16. Bg5 Qe7 17. Nc3 Qe6 18. Rad1 {[#]} Nd5 $1 19. Rd3 f6 20. Be3 Kf7 21. h3 Nxc3 22. Rxc3 Rh8 23. Qg4 Qxg4 24. hxg4 {[#]} Bh2+ $1 25. Kh1 Rh4 26. Rb3 Bd6+ (26... b5 $17 {White must now prevent ...Bf4+.} 27. g3 Bxg3+ 28. Kg2 Bd6) 27. Kg1 $15 Bh2+ ({Much worse is} 27... Rxg4 28. Rxb7 Rh4 29. g3 $11) ({Better is} 27... Rah8 $15 28. f4 g5) 28. Kh1 $17 b5 29. axb5 Bg3+ ({Much less strong is} 29... cxb5 30. Bc1 $17) 30. Kg1 Bh2+ 31. Kh1 axb5 32. Rc3 Bg3+ (32... c5 $19 {And now ...cxd4 would win.} 33. g3 Bxg3+ {[%mdl 64] Discovered Attack} 34. Kg2 Bd6 35. dxc5 Be5) 33. Kg1 $15 Bh2+ $40 {[%mdl 128] Black is up to no good.} (33... b4 $15 34. Rxc6 (34. fxg3 $2 bxc3 35. bxc3 Rxg4 $19) 34... Bh2+ 35. Kh1 Ke7) 34. Kh1 $17 c5 35. g3 Bxg3+ $1 {[%mdl 64] Discovered Attack} 36. Kg2 Bd6 {aiming for ...cxd4.} 37. dxc5 Be5 38. Rb3 {Threatens to win with f4.} Rxg4+ 39. Kf3 Rc4 40. Rxb5 Rxc2 41. Rb1 Ke6 42. Rb4 g5 43. Ke4 (43. Bd4 {was worth a try.}) 43... Ra2 44. b3 $2 (44. Rb8) 44... f5+ {Accuracy: White = 64%, Black = 88%.} 0-1

[Event "BL Meisterschaftsturnier 2020"]
[Site "Karlsruhe"]
[Date "2020.09.18"]
[Round "4.13"]
[White "Jakubowski, Krzysztof"]
[Black "Bischoff, Klaus"]
[Result "1-0"]
[WhiteElo "2481"]
[BlackElo "2503"]
[Annotator "TA"]
[PlyCount "95"]
[EventDate "2020.09.16"]
[EventType "team-tourn"]
[EventCountry "GER"]
[SourceTitle "playchess.com"]
[Source "ChessBase"]
[SourceQuality "1"]
[WhiteTeam "SF Berlin"]
[BlackTeam "Bayern Muenchen"]

{[%evp 10,95,37,39,35,38,52,52,58,50,63,53,54,60,67,54,67,59,72,61,79,85,85,79,92,83,101,70,61,45,37,0,189,196,203,193,201,189,212,193,194,196,202,191,171,177,163,146,163,179,158,175,185,77,79,87,187,191,144,122,81,-18,149,143,144,116,91,118,292,-33,533,522,443,407,398,423,393,370,790,749,1087,1041,5165,5004,1909,1514,29988,29989]} 1. e4 Nf6 2. e5 Nd5 3. c4 Nb6 4. d4 d6 5. exd6 exd6 6. h3 Be7 {B03: Alekhine's Defence: Four Pawns Attack.} 7. Nf3 c6 8. Bd3 {[#]} Na6 $146 {White is slightly better.} ({Predecessor:} 8... d5 9. c5 N6d7 10. O-O b6 11. cxb6 axb6 12. Re1 O-O 13. Nc3 Nf6 14. Ne5 c5 {1-0 (40) Muzychuk,M (2511)-Zhao,X (2419) Hengshui 2019}) 9. a3 Nc7 10. O-O d5 11. c5 Nd7 $1 12. Qc2 Nf8 13. Nc3 Nce6 14. Ne2 Ng6 15. Nh2 O-O 16. f4 $36 {[%mdl 2048] f5 is the strong threat. White is really pushing.} f5 17. Nf3 (17. Bxf5 Rxf5 18. Qxf5 Nxd4 $11) 17... a5 18. g4 Nh4 19. Ne5 g6 20. Be3 Ng7 $2 (20... Bf6 $11 {and Black has nothing to worry.}) 21. g5 $1 $18 h6 22. gxh6 Nh5 23. Bf2 Kh7 24. Kh1 $1 Bd7 25. Rg1 Be8 26. Qd2 Bf6 27. Bxh4 Bxh4 28. Rg2 Nf6 29. Ng1 Ne4 30. Qe3 b6 31. Ngf3 (31. cxb6 $18 {is more deadly.} Rb8 32. Ngf3) 31... bxc5 $16 32. dxc5 Rb8 (32... Be7 $16) 33. Nd4 $18 {Black must now prevent Rag1.} Qf6 34. Bxe4 fxe4 35. b4 ({White should try} 35. Rf1 $16) 35... g5 $2 (35... Qxf4 $11 36. Qxf4 Rxf4 37. Nexc6 {[%mdl 64] Double Attack} Rc8 38. Nxa5 Bf6) 36. Qc3 Rb7 {[#] aiming for ...axb4.} (36... gxf4 37. Rg7+ Kxh6 38. Ng4+ Kxg7 39. Nxf6 $16) 37. Rag1 $1 {Strongly threatening b5.} (37. bxa5 gxf4 38. a6 Ra7 $17) 37... axb4 38. axb4 Re7 $2 {[#]} (38... Bh5 $16 {is a better defense.}) 39. Ng4 $2 (39. fxg5 Qxe5 40. Qe3 (40. g6+ $2 Bxg6 41. Qe3 Be8 $19) 40... Kg6 $19) (39. Nexc6 $1 $18 Bxc6 40. fxg5) 39... Qxf4 $2 {[%mdl 8192] [#]} (39... Qh8 $1 $15 {keeps the upper hand.}) 40. Ne6 $1 {[%mdl 576] Double Attack} Qf3 (40... Rxe6 41. Qg7#) 41. Nxf8+ Qxf8 42. Nf6+ Kxh6 {[#]} 43. Ng8+ $1 {[%mdl 576] Deflection} Qxg8 $2 (43... Kh7) 44. Qf6+ {[%mdl 64] Double Attack} Qg6 45. Qxe7 Qf5 46. Rg4 ({Worse is} 46. Qxe8 Qxh3+ 47. Rh2 Qf3+ 48. Rhg2 Qh3+ 49. Rh2 Qf3+ 50. Rhg2 Qh3+ $11) 46... Bg6 {[#]} 47. b5 $1 {[%cal Bb4b5,Bb5b6][%mdl 32]} d4 (47... cxb5 48. c6) 48. b6 {Accuracy: White = 80%, Black = 58%.} 1-0

[Event "BL Meisterschaftsturnier 2020"]
[Site "Karlsruhe"]
[Date "2020.09.18"]
[Round "4.13"]
[White "Jakubowski, Krzysztof"]
[Black "Bischoff, Klaus"]
[Result "*"]
[WhiteElo "2481"]
[BlackElo "2503"]
[Annotator "TA"]
[PlyCount "32"]
[EventDate "2020.09.16"]
[EventType "team-tourn"]
[EventCountry "GER"]
[SourceTitle "playchess.com"]
[Source "ChessBase"]
[SourceQuality "1"]
[WhiteTeam "SF Berlin"]
[BlackTeam "Bayern Muenchen"]

{[%evp 2,2,62]} 1. e4 Nf6 {A rather calm draw.} {Predecessor:} 2. e5 Nd5 3. d4 d6 4. c4 Nb6 5. f4 dxe5 6. fxe5 {B03: Alekhine's Defence: Four Pawns Attack.} Bf5 7. Nc3 e6 8. Nf3 Bb4 9. Be2 c5 10. a3 Bxc3+ 11. bxc3 Nc6 12. O-O O-O 13. Be3 Na5 14. Nd2 Bg6 15. Qe1 Na4 16. Nf3 Nb2 {0-1 (58) Nakamura,H (2736)-Carlsen,M (2863) chess24.com INT 2020} *

[Event "BL Meisterschaftsturnier 2020"]
[Site "Karlsruhe"]
[Date "2020.09.18"]
[Round "4.14"]
[White "Kovalenko, Igor"]
[Black "Werle, Jan"]
[Result "1-0"]
[WhiteElo "2645"]
[BlackElo "2580"]
[Annotator "TA"]
[PlyCount "59"]
[EventDate "2020.09.16"]
[EventType "team-tourn"]
[EventCountry "GER"]
[SourceTitle "playchess.com"]
[Source "ChessBase"]
[SourceQuality "1"]
[WhiteTeam "Viernheim"]
[BlackTeam "Werder Bremen"]

{[%evp 27,59,0,31,29,32,4,33,31,70,79,53,56,63,72,95,73,266,269,279,268,275,278,274,260,266,197,403,420,553,531,582,582,29992,29993]} 1. d4 Nf6 2. Nf3 e6 3. c4 c5 4. e3 d5 5. Nc3 cxd4 6. exd4 Bb4 7. cxd5 Nxd5 8. Bd2 O-O 9. Bd3 Nc6 10. O-O Nf6 11. Bg5 Be7 12. a3 b6 13. Re1 Bb7 14. Bc2 Re8 15. Qd3 {D42: Queen's Gambit Declined: Semi-Tarrasch: 5 cxd5 Nxd5 6 e3 Nc6 7 Bd3 .} g6 16. Rad1 Rc8 17. h4 {White is slightly better.} a6 18. Bb1 b5 19. Ba2 {Strongly threatening d5.} Na5 20. Ne5 Nd5 {[#]} 21. Ne4 $5 $146 {[%mdl 8] New and interesting.} ({Predecessor (3):} 21. Bxe7 Rxe7 22. Ne4 Kg7 23. Qg3 f6 24. Nd3 Rcc7 25. Nec5 Bc8 26. h5 Nc4 27. Bb1 g5 28. a4 {1-0 (44) Ponkratov,P (2607)-Sychev,K (2453) Tallinn 2016}) 21... f6 $2 (21... Nc4 $16 {keeps fighting.}) 22. Qh3 $18 fxe5 23. Qxe6+ {[%mdl 64] Double Attack} Kg7 {And now ...exd4 would win.} 24. Qxe5+ ({Worse is} 24. dxe5 Bxg5 25. Nxg5 Qxg5 $11) 24... Bf6 {[#]} 25. Nxf6 $1 {[%mdl 512]} Nxf6 26. Be6 Rc2 $2 (26... h6) 27. b4 Nc4 {[#]} 28. Bxc4 $1 {[%mdl 512]} Rxe5 (28... bxc4 29. Bxf6+) 29. dxe5 {[%mdl 64] Discovered Attack} Qxd1 30. exf6+ {White took control after the opening. Accuracy: White = 85%, Black = 40%.} 1-0